| 000 | 00522ntaaa2200181 4500 | ||
|---|---|---|---|
| 003 | 01 | ||
| 005 | 20251027202119.0 | ||
| 008 | 0714s1973 ag 01 | ||
| 040 |
_aAR-BaBN _bspa _cAR-BaBN _eaacr _dRIC |
||
| 082 | _a253.2000 So8 | ||
| 100 |
_aSouza, Manoel Avelino de _919615 |
||
| 245 | _aO pastor | ||
| 250 | _a1 ed. | ||
| 260 |
_aRío de Janeiro : _bCasa Publicadora Batista, _c1956 |
||
| 300 | _a268 p | ||
| 500 | _aSerie de experiencias de un pastor publicadas para ayudar a los que aspiren al pastorado. | ||
| 942 | _cBK | ||
| 999 |
_c16023 _d16023 |
||